| 000 | 00698nam a2200229 a 4500 | ||
|---|---|---|---|
| 999 |
_c11275 _d11275 |
||
| 001 | 11275 | ||
| 003 | BD-JhCC | ||
| 005 | 20220802134022.0 | ||
| 008 | 190620s 2018bg |||| ||a| 000 0 ben d | ||
| 020 | _a97898480581512 | ||
| 035 | _a(BD-JhCC)11275 | ||
| 040 |
_aBD-JhCC _dBD-JhCC |
||
| 041 | _aben | ||
| 082 |
_a891.443 _bIQB 2018 |
||
| 100 | _aইকবাল, মুহম্মদ জাফর | ||
| 245 |
_aসাইক্লোন / _cমুহম্মদ জাফর ইকবাল । |
||
| 260 |
_aঢাকা: _bতাম্রলিপি; _c২০১৮. |
||
| 300 |
_a১৫৯ পৃ . : _c২২ সেমি. |
||
| 650 | _aNovel | ||
| 942 |
_2ddc _cBK _013 |
||